Competition law in China

Guardat en:
Dades bibliogràfiques
Autor principal: Jin, Chaowu (Autor)
Altres autors: Luo, Wei, 1957-
Format: Llibre
Idioma:anglès
Publicat: Buffalo, N.Y. : W.S. Hein, 2002.
Col·lecció:Chinese law series ; v. 6
Matèries:
Etiquetes: Afegir etiqueta
Sense etiquetes, Sigues el primer a etiquetar aquest registre!

MARC

LEADER 00000cam a2200000 a 4500
001 12684887
003 CL-VaPUC
005 20201125165716.0
008 020214s2002 nyu b 001 0 eng
999 |c 374541  |d 374539 
010 |a  2002022994 
020 |a 1575886790 (cloth : acidfree paper) 
035 |a (DLC) 2002022994 
035 |a (DLC)807 
040 |a DLC  |c Pontificia Universidad Católica de Valparaíso  |d DLC 
043 |a a-cc--- 
082 0 0 |a 343.510721 JIN 2002  |2 21 
100 |a Jin, Chaowu  |e author  |9 602812 
245 1 0 |a Competition law in China  
260 |a Buffalo, N.Y. :  |b W.S. Hein,  |c 2002. 
300 |a 347 páginas 
440 0 |a Chinese law series ;  |v v. 6  |9 856694 
583 |c 20200709 
650 0 |a COMPETENCIA INJUSTA  |z CHINA  |9 856695 
650 0 |a RESTRICCION DE COMERCIO  |z CHINA  |9 856696 
650 0 |a LEY ANTIMONOPOLIO  |z CHINA  |9 856697 
700 1 |a Luo, Wei,  |d 1957-  |9 856698 
906 |a 7  |b cbc  |c orignew  |d 1  |e ocip  |f 20  |g y-gencatlg 
942 |2 ddc  |c BK 
955 |a pv18 2002-02-14 to SSCD  |c sg09 2002-02-21  |a sg09 2002-02-21 to RCCD Chinese Team (NAR Jin); returned 2002-02-21  |a aa05 2002-02-27  |a ps07 2002-12-18 bk rec'd, to CIP ver. 
952 |0 0  |1 0  |2 ddc  |3 erd  |4 0  |6 343_510721000000000_JIN_2002  |7 0  |8 A  |9 493132  |a BIBDER  |b BIBDER  |d 2019-05-15  |e amazon.com  |g 97892.00  |i 5550947  |o 343.510721 JIN 2002  |p 5550947  |r 2023-01-25  |v 97892.00  |w 2019-11-24  |y BK  |z Catalogado en:20190607  |k DER